000 00646cam a22001935a 4500
001 L140565
008 070928s1864 xxk eng u
035 _a(Sirsi) u140565
041 0 _aeng
110 2 _aEdward Pugh
245 0 0 _aCatalogue of the effects of the late Robert Wall Esq., West Felton
_bto be sold at auction on Thursday 20 October 1864 by Mr Edward Pugh
260 _aOswestry
_bSalter
_c1864
300 _a1 sheet
_c33 cm.
351 _cSingle item
500 _aAnnotated in pencil and pen.
651 5 _aShropshire
690 _aPROPERTY-PROPERTY ACQUISITION AND DISPOSAL-ACQUISITION AND DISPOSAL AT AUCTION
942 _n0
999 _c116360
_d116360